00421nam a22001457a 4500003000400000005001700004008004100021040002200062082001500084100003000099245002800129246002500157260007400182300001900256OSt20221006200653.0221006b |||||||| |||| 00| 0 eng d cBiblioteca Lado V a750bM912a aGerardo, Mosqueraeeditor aArte Reciente en Chile/ aRecent art in Chile/ aChilebFundacion Principe Claus para la Cultura y el Desarrolloc2006 a645p.c21x26cm